[Event "VIII Mario Covas"]
[Site "Santos"]
[Date "2008.05.20"]
[Round "1.1"]
[White "Mekhitarian, Krikor"]
[Black "Leitão, Rafael"]
[Result "1-0"]
[WhiteElo "2466"]
[BlackElo "2604"]
[PlyCount "79"]
[EventDate "2008.05.20"]
[EventType "tourn"]
[EventRounds "1"]
[EventCountry "BRA"]
[SourceDate "2008.05.17"]

1. e4 c6 2. d4 d5 3. e5 Bf5 4. Nf3 e6 5. Be2 Nd7 6. O-O Bg6 7. Nbd2 Nh6 8. Ne1
f6 9. f4 Qb6 10. Ndf3 Be4 11. Kh1 Nf5 12. a4 c5 13. a5 Qc7 14. c3 Be7 15. Kg1
fxe5 16. g4 Nh6 17. fxe5 Nxg4 18. Ng5 Bxg5 19. Bxg5 Nh6 20. Bh5+ Bg6 21. Nd3
Nf7 22. Bxg6 hxg6 23. Qg4 Qc6 24. Be3 O-O 25. Nf4 Nh6 26. Qxg6 Rxf4 27. Rxf4
Nf5 28. Bf2 Nf8 29. Qg4 cxd4 30. Bxd4 Qe8 31. Kh1 Qg6 32. Qf3 a6 33. Rg1 Qh7
34. Rfg4 Nd7 35. Rg6 Rf8 36. Qg4 Kf7 37. Qxf5+ exf5 38. e6+ Ke7 39. Rxg7+ Qxg7
40. Bxg7 1-0

[Event "VIII Mario Covas"]
[Site "Santos"]
[Date "2008.05.17"]
[Round "1.2"]
[White "Coelho, Luis"]
[Black "Zambrana, Oswaldo"]
[Result "0-1"]
[WhiteElo "2392"]
[BlackElo "2479"]
[PlyCount "64"]
[EventDate "2008.05.20"]
[EventType "tourn"]
[EventRounds "1"]
[EventCountry "BRA"]
[SourceDate "2008.05.17"]

1. e4 c5 2. Nf3 d6 3. d4 cxd4 4. Nxd4 Nf6 5. Nc3 a6 6. Be2 e6 7. O-O Be7 8. f4
Qc7 9. Be3 O-O 10. g4 Re8 11. g5 Nfd7 12. f5 Ne5 13. Bd3 Nbc6 14. Qh5 Bd7 15.
Rf4 g6 16. Qh6 Bf8 17. Qh3 Nxd4 18. Bxd4 Bg7 19. Raf1 Nxd3 20. Bxg7 Nxf4 21.
Rxf4 Qc5+ 22. Kg2 h5 23. Rh4 exf5 24. Bf6 Re6 25. Rxh5 gxh5 26. Qxh5 Rxf6 27.
gxf6 Qe3 28. Nd5 Qxe4+ 29. Kf2 Qd4+ 30. Ke1 Re8+ 31. Ne7+ Rxe7+ 32. fxe7 Qe3+
0-1

[Event "VIII Mario Covas"]
[Site "Santos"]
[Date "2008.05.17"]
[Round "1.4"]
[White "Milos, Gilberto"]
[Black "Cramling, Dan"]
[Result "1-0"]
[WhiteElo "2594"]
[BlackElo "2399"]
[PlyCount "41"]
[EventDate "2008.05.20"]
[EventType "tourn"]
[EventRounds "1"]
[EventCountry "BRA"]
[SourceDate "2008.05.17"]

1. e4 c5 2. Nf3 e6 3. d4 cxd4 4. Nxd4 Nf6 5. Nc3 d6 6. g4 Nc6 7. g5 Nd7 8. Be3
Be7 9. h4 O-O 10. Qd2 Nde5 11. O-O-O Ng4 12. Kb1 Nxe3 13. Qxe3 a6 14. Bh3 Nxd4
15. Qxd4 b5 16. f4 Rb8 17. f5 Qb6 18. Qd2 Qc5 19. f6 gxf6 20. gxf6 Bxf6 21.
Rhg1+ 1-0

[Event "VIII Mario Covas"]
[Site "Santos"]
[Date "2008.05.17"]
[Round "1.5"]
[White "El Debs, Felipe"]
[Black "Mareco, Sandro"]
[Result "1/2-1/2"]
[WhiteElo "2423"]
[BlackElo "2470"]
[PlyCount "43"]
[EventDate "2008.05.20"]
[EventType "tourn"]
[EventRounds "1"]
[EventCountry "BRA"]
[SourceDate "2008.05.17"]

1. Nf3 Nf6 2. c4 e6 3. g3 d5 4. d4 Bb4+ 5. Bd2 Be7 6. Bg2 O-O 7. O-O c6 8. Qc2
b6 9. Bf4 Ba6 10. Nbd2 Nbd7 11. Rac1 Nh5 12. e4 Nxf4 13. gxf4 Rc8 14. Qb3 Nf6
15. Ne5 Nh5 16. Qf3 Nxf4 17. Qxf4 Bg5 18. Qg3 Bxd2 19. Rc2 Bg5 20. Rd1 Bf6 21.
cxd5 cxd5 22. Nc6 1/2-1/2

[Event "VIII Mario Covas"]
[Site "Santos"]
[Date "2008.05.18"]
[Round "2.1"]
[White "Leitão, Rafael"]
[Black "Mareco, Sandro"]
[Result "1/2-1/2"]
[WhiteElo "2604"]
[BlackElo "2470"]
[PlyCount "28"]
[EventDate "2008.05.20"]
[EventType "tourn"]
[EventRounds "1"]
[EventCountry "BRA"]
[SourceDate "2008.05.17"]

1. d4 Nf6 2. c4 e6 3. Nf3 b6 4. g3 Ba6 5. Qb3 Nc6 6. Nbd2 Bb7 7. e4 d5 8. cxd5
exd5 9. e5 Ne4 10. Bd3 Be7 11. O-O O-O 12. Re1 f5 13. exf6 Nxf6 14. Nf1 Kh8
1/2-1/2

[Event "VIII Mario Covas"]
[Site "Santos"]
[Date "2008.05.18"]
[Round "2.2"]
[White "Cramling, Dan"]
[Black "El Debs, Felipe"]
[Result "1/2-1/2"]
[WhiteElo "2399"]
[BlackElo "2423"]
[PlyCount "51"]
[EventDate "2008.05.20"]
[EventType "tourn"]
[EventRounds "1"]
[EventCountry "BRA"]
[SourceDate "2008.05.17"]

1. d4 d5 2. c4 c6 3. Nf3 Nf6 4. Nc3 dxc4 5. a4 Bf5 6. e3 e6 7. a5 Bb4 8. Qa4
Qe7 9. Bxc4 O-O 10. O-O Nbd7 11. Qb3 b5 12. axb6 axb6 13. Rxa8 Rxa8 14. Nh4 Bg4
15. f3 Bh5 16. g4 Bg6 17. g5 Ne8 18. f4 Bh5 19. Ne4 b5 20. Bd3 Bg6 21. Nxg6
hxg6 22. Qc2 Ra6 23. Bd2 Bxd2 24. Nxd2 Nc7 25. Ne4 Qb4 26. Rc1 1/2-1/2

[Event "VIII Mario Covas"]
[Site "Santos"]
[Date "2008.05.18"]
[Round "2.3"]
[White "Flores Rios, Mauricio"]
[Black "Milos, Gilberto"]
[Result "0-1"]
[WhiteElo "2450"]
[BlackElo "2594"]
[PlyCount "114"]
[EventDate "2008.05.20"]
[EventType "tourn"]
[EventRounds "1"]
[EventCountry "BRA"]
[SourceDate "2008.05.17"]

1. e4 c5 2. Nf3 Nc6 3. d4 cxd4 4. Nxd4 Nf6 5. Nc3 d6 6. Bg5 e6 7. Qd2 Qb6 8.
Nb3 Be7 9. O-O-O O-O 10. f3 Rd8 11. Be3 Qc7 12. Qf2 d5 13. exd5 Nxd5 14. Nxd5
Rxd5 15. Rxd5 exd5 16. Kb1 Bf5 17. Nd4 Nxd4 18. Bxd4 Rc8 19. Bd3 Bxd3 20. cxd3
a5 21. Qd2 Bb4 22. Qc1 Qd7 23. Qg5 f6 24. Qe3 Re8 25. Qf2 a4 26. g4 Qb5 27. Rd1
Bd6 28. h4 Bf4 29. Qc2 h6 30. a3 Qb3 31. Rf1 Kf7 32. Bc3 Qxc2+ 33. Kxc2 Re2+
34. Kb1 Rh2 35. h5 Be3 36. Ka2 d4 37. Bb4 Ke6 38. Kb1 f5 39. Bf8 Kf6 40. Bb4
Rg2 41. Bf8 b5 42. Ka2 fxg4 43. fxg4+ Rf2 44. Rh1 Rf3 45. Rh4 Rg3 46. Rh2 Kf7
47. Bd6 Rxg4 48. Rc2 Rg5 49. Rc7+ Kg8 50. b4 Rxh5 51. Rb7 Rf5 52. Bc5 h5 53.
Rxb5 h4 54. Rb8+ Kh7 55. Bd6 h3 56. Rc8 Rf2+ 57. Kb1 h2 0-1

[Event "VIII Mario Covas"]
[Site "Santos"]
[Date "2008.05.18"]
[Round "2.5"]
[White "Mekhitarian, Krikor"]
[Black "Coelho, Luis"]
[Result "1-0"]
[WhiteElo "2466"]
[BlackElo "2392"]
[PlyCount "63"]
[EventDate "2008.05.20"]
[EventType "tourn"]
[EventRounds "1"]
[EventCountry "BRA"]
[SourceDate "2008.05.17"]

1. e4 c5 2. Nf3 d6 3. d4 cxd4 4. Nxd4 Nf6 5. Nc3 Nc6 6. Bg5 e6 7. Qd2 Nxd4 8.
Qxd4 Be7 9. O-O-O O-O 10. f4 Qa5 11. Kb1 h6 12. h4 Rd8 13. Bd3 Bd7 14. e5 dxe5
15. fxe5 Bc6 16. Qf4 Nh5 17. Qg4 Rxd3 18. cxd3 hxg5 19. Qxh5 gxh4 20. d4 Qd8
21. Rhf1 g6 22. Qg4 Qf8 23. d5 Bd7 24. d6 Bd8 25. Rf4 Qg7 26. Rdf1 g5 27. Rxf7
Qxf7 28. Rxf7 Kxf7 29. Qf3+ Ke8 30. Qh5+ Kf8 31. Qh8+ Kf7 32. Qh7+ 1-0

[Event "VIII Mario Covas"]
[Site "Santos"]
[Date "2008.05.19"]
[Round "3.1"]
[White "Coelho, Luis"]
[Black "Leitão, Rafael"]
[Result "1-0"]
[WhiteElo "2392"]
[BlackElo "2604"]
[PlyCount "74"]
[EventDate "2008.05.20"]
[EventType "tourn"]
[EventRounds "1"]
[EventCountry "BRA"]
[SourceDate "2008.05.17"]

1. d4 Nf6 2. c4 e6 3. g3 Bb4+ 4. Bd2 c5 5. Bxb4 cxb4 6. Bg2 O-O 7. e4 d6 8. Ne2
e5 9. O-O Bg4 10. f3 Be6 11. Qd3 Qb6 12. Kh1 exd4 13. Nxd4 Nbd7 14. b3 Nc5 15.
Qe3 Rfe8 16. Nd2 Nfd7 17. Rfd1 a5 18. Nf1 a4 19. Rab1 axb3 20. axb3 Ne5 21. Qe2
Ra3 22. Ne3 Nc6 23. Ndf5 Rea8 24. Nd5 Bxd5 25. exd5 Ne5 26. f4 Ned3 27. Qe3 Qd8
28. Rxd3 Nxd3 29. Qxd3 Ra1 30. h4 Rxb1+ 31. Qxb1 Qf6 32. Qe4 Kf8 33. Nd4 g6 34.
Kh2 Re8 35. Qd3 Ra8 36. Qd2 Ra1 37. Nb5 Qe7 1-0

[Event "VIII Mario Covas"]
[Site "Santos"]
[Date "2008.05.19"]
[Round "3.3"]
[White "Milos, Gilberto"]
[Black "Zambrana, Oswaldo"]
[Result "1/2-1/2"]
[WhiteElo "2594"]
[BlackElo "2479"]
[PlyCount "113"]
[EventDate "2008.05.20"]
[EventType "tourn"]
[EventRounds "1"]
[EventCountry "BRA"]
[SourceDate "2008.05.17"]

1. e4 c5 2. Nf3 d6 3. d4 cxd4 4. Nxd4 Nf6 5. Nc3 a6 6. Be2 e6 7. O-O Be7 8. f4
Qc7 9. Kh1 O-O 10. a4 b6 11. e5 dxe5 12. fxe5 Nfd7 13. Bf3 Bb7 14. Bxb7 Qxb7
15. Bf4 Nc6 16. Qf3 Rac8 17. Rad1 Nc5 18. Qg3 Kh8 19. Be3 Rcd8 20. Nxc6 Rxd1
21. Rxd1 Qxc6 22. Qf4 h6 23. Qc4 Rc8 24. Bxc5 Bxc5 25. Qxa6 Bb4 26. Rd3 Ra8 27.
Qb5 Qxb5 28. Nxb5 Rxa4 29. g3 Ra1+ 30. Kg2 Re1 31. Nd6 Re2+ 32. Kf3 Rxc2 33.
Nxf7+ Kg8 34. Nd8 Rxb2 35. Nxe6 Kf7 36. Nc7 Be7 37. h4 Rc2 38. Rd7 g6 39. Ke4
Re2+ 40. Kd5 h5 41. e6+ Kf8 42. Kc6 Re3 43. Rd4 Bc5 44. Rf4+ Kg7 45. g4 hxg4
46. Rxg4 Kh6 47. Kd7 Kh5 48. Rc4 Rd3+ 49. Ke8 Rd4 50. Rxd4 Bxd4 51. Nd5 Kxh4
52. Kf7 Bc5 53. Kxg6 b5 54. Kf7 b4 55. Nxb4 Bxb4 56. e7 Bxe7 57. Kxe7 1/2-1/2

[Event "VIII Mario Covas"]
[Site "Santos"]
[Date "2008.05.19"]
[Round "3.4"]
[White "El Debs, Felipe"]
[Black "Flores Rios, Mauricio"]
[Result "1-0"]
[WhiteElo "2423"]
[BlackElo "2450"]
[PlyCount "80"]
[EventDate "2008.05.20"]
[EventType "tourn"]
[EventRounds "1"]
[EventCountry "BRA"]
[SourceDate "2008.05.17"]

1. Nf3 Nf6 2. c4 g6 3. Nc3 Bg7 4. e4 d6 5. d4 O-O 6. Be2 e5 7. Be3 Ng4 8. Bg5
f6 9. Bc1 f5 10. dxe5 Nxe5 11. exf5 Bxf5 12. O-O Nbc6 13. Be3 Kh8 14. Qd2 Be6
15. Nxe5 Nxe5 16. b3 Qd7 17. Rad1 b6 18. Bd4 Rae8 19. Nd5 c5 20. Be3 Nc6 21.
Nf4 Bg8 22. Bf3 Nd4 23. Bd5 Bxd5 24. Nxd5 b5 25. Bxd4 Bxd4 26. cxb5 Rf5 27. Ne3
Rxf2 28. Rxf2 Bxe3 29. Qxd6 Qxb5 30. Qf6+ Kg8 31. Qf7+ Kh8 32. Re1 Qb8 33. Kh1
Qd8 34. Qf6+ Qxf6 35. Rxf6 Rd8 36. Rf7 a5 37. Re7 Bd4 38. Re8+ Rxe8 39. Rxe8+
Kg7 40. Re7+ Kh6 1-0

[Event "VIII Mario Covas"]
[Site "Santos"]
[Date "2008.05.19"]
[Round "3.5"]
[White "Mareco, Sandro"]
[Black "Cramling, Dan"]
[Result "1-0"]
[WhiteElo "2470"]
[BlackElo "2399"]
[PlyCount "71"]
[EventDate "2008.05.20"]
[EventType "tourn"]
[EventRounds "1"]
[EventCountry "BRA"]
[SourceDate "2008.05.17"]

1. Nf3 c5 2. c4 g6 3. d4 Bg7 4. e4 Qb6 5. dxc5 Qxc5 6. Bd3 d6 7. h3 Be6 8. Qe2
Nc6 9. a3 a5 10. O-O a4 11. Qc2 Nf6 12. Be3 Qa5 13. Bd2 Qc5 14. Be3 Qa5 15. Nc3
O-O 16. Ng5 Nd7 17. Be2 Nd4 18. Bxd4 Bxd4 19. Nb5 Bc5 20. Nxe6 fxe6 21. Kh1 e5
22. Bg4 Nf6 23. Qe2 Qb6 24. f4 exf4 25. Rxf4 Be3 26. Rf3 Bd4 27. Rd1 Be5 28.
Be6+ Kg7 29. g4 Qc6 30. Re1 Nd7 31. Ref1 Rxf3 32. Rxf3 Rf8 33. g5 Bf4 34. Nd4
Qc5 35. Qf2 Ne5 36. Bd5 1-0

[Event "VIII Mario Covas"]
[Site "Santos"]
[Date "2008.05.20"]
[Round "4.1"]
[White "Leitão, Rafael"]
[Black "Cramling, Dan"]
[Result "1-0"]
[WhiteElo "2604"]
[BlackElo "2399"]
[PlyCount "53"]
[EventDate "2008.05.20"]
[EventType "tourn"]
[EventRounds "1"]
[EventCountry "BRA"]
[SourceDate "2008.05.17"]

1. d4 Nf6 2. c4 e6 3. Nf3 d5 4. Nc3 c6 5. Bg5 h6 6. Bh4 dxc4 7. e4 g5 8. Bg3 b5
9. Be2 Bb7 10. h4 g4 11. Ne5 h5 12. O-O Nbd7 13. Qc2 Rg8 14. Rad1 Nxe5 15. Bxe5
Be7 16. Bg3 Rg6 17. b3 cxb3 18. axb3 Kf8 19. Bd3 Nd7 20. e5 Rg7 21. Ne4 Qb6 22.
Qc1 Kg8 23. Qh6 Rh7 24. Qf4 Bf8 25. Nc5 Nxc5 26. Bxh7+ Kxh7 27. Qxf7+ 1-0

[Event "VIII Mario Covas"]
[Site "Santos"]
[Date "2008.05.20"]
[Round "4.2"]
[White "Flores Rios, Mauricio"]
[Black "Mareco, Sandro"]
[Result "0-1"]
[WhiteElo "2450"]
[BlackElo "2470"]
[PlyCount "72"]
[EventDate "2008.05.20"]
[EventType "tourn"]
[EventRounds "1"]
[EventCountry "BRA"]
[SourceDate "2008.05.17"]

1. e4 c6 2. d4 d5 3. e5 Bf5 4. Nc3 e6 5. g4 Bg6 6. Nge2 h5 7. Nf4 Ne7 8. Nxg6
Nxg6 9. gxh5 Ne7 10. Bd3 Qb6 11. Ne2 Rxh5 12. c3 Nd7 13. Be3 Qc7 14. h4 c5 15.
a3 c4 16. Bc2 Rh8 17. h5 O-O-O 18. Kd2 Qb6 19. Rb1 Nc6 20. Qg1 Kb8 21. Qg4 Ka8
22. h6 gxh6 23. Qh5 f6 24. f4 Rg8 25. Qh3 fxe5 26. fxe5 Ndxe5 27. dxe5 d4 28.
cxd4 Bc5 29. Qxe6 Rg2 30. Qh3 Bxd4 31. Ke1 Bxe3 32. Qxg2 Bd2+ 33. Kf1 Rf8+ 34.
Nf4 Rxf4+ 35. Ke2 Qe3+ 36. Kd1 Ba5 0-1

[Event "VIII Mario Covas"]
[Site "Santos"]
[Date "2008.05.20"]
[Round "4.3"]
[White "Zambrana, Oswaldo"]
[Black "El Debs, Felipe"]
[Result "1/2-1/2"]
[WhiteElo "2479"]
[BlackElo "2423"]
[PlyCount "30"]
[EventDate "2008.05.20"]
[EventType "tourn"]
[EventRounds "1"]
[EventCountry "BRA"]
[SourceDate "2008.05.17"]

1. e4 c5 2. Nf3 e6 3. d4 cxd4 4. Nxd4 Nc6 5. Nc3 Qc7 6. Be3 Nf6 7. f4 Bb4 8. e5
Nd5 9. Ndb5 Qa5 10. Bd2 Nxc3 11. bxc3 Bc5 12. Bd3 a6 13. Nd4 Qc7 14. Qg4 g6 15.
Nb3 Be7 1/2-1/2

[Event "VIII Mario Covas"]
[Site "Santos"]
[Date "2008.05.24"]
[Round "5.2"]
[White "Milos, Gilberto"]
[Black "Coelho, Luis"]
[Result "1-0"]
[WhiteElo "2594"]
[BlackElo "2392"]
[PlyCount "95"]
[EventDate "2008.05.20"]
[EventType "tourn"]
[EventRounds "1"]
[EventCountry "BRA"]
[SourceDate "2008.05.17"]

1. e4 c5 2. Nf3 Nc6 3. d4 cxd4 4. Nxd4 Nf6 5. Nc3 d6 6. Bc4 e6 7. Bb3 Be7 8.
Be3 a6 9. f4 O-O 10. Qf3 Nxd4 11. Bxd4 b5 12. Bxf6 Bxf6 13. e5 Bh4+ 14. g3 Rb8
15. O-O-O Bb7 16. Ne4 Bxe4 17. Qxe4 d5 18. Qd3 Be7 19. h4 a5 20. c3 b4 21. Bc2
g6 22. h5 Kg7 23. Rh2 Qb6 24. Rdh1 Rh8 25. c4 dxc4 26. Qxc4 b3 27. axb3 Qb4 28.
h6+ Kf8 29. Qc6 Qc5 30. Qf3 Qb6 31. Rd2 a4 32. Rd3 a3 33. bxa3 Bxa3+ 34. Kb1
Ke7 35. Rhd1 Rhd8 36. g4 Rxd3 37. Rxd3 Rd8 38. Rxd8 Qxd8 39. f5 exf5 40. gxf5
gxf5 41. Bxf5 Qc7 42. Qe3 Qc5 43. Qg5+ Ke8 44. Qg2 Qc1+ 45. Ka2 Be7 46. Qa8+
Bd8 47. Qd5 Be7 48. Qb5+ 1-0

[Event "VIII Mario Covas"]
[Site "Santos"]
[Date "2008.05.24"]
[Round "5.3"]
[White "El Debs, Felipe"]
[Black "Mekhitarian, Krikor"]
[Result "1/2-1/2"]
[WhiteElo "2423"]
[BlackElo "2466"]
[PlyCount "42"]
[EventDate "2008.05.20"]
[EventType "tourn"]
[EventRounds "1"]
[EventCountry "BRA"]
[SourceDate "2008.05.17"]

1. Nf3 Nf6 2. c4 e6 3. g3 d5 4. d4 dxc4 5. Qa4+ Nbd7 6. Bg2 a6 7. Nc3 Be7 8.
Ne5 O-O 9. Nxc4 c5 10. dxc5 Bxc5 11. O-O Ra7 12. Qd1 Qc7 13. Bf4 e5 14. Be3 b5
15. Bxc5 Nxc5 16. Ne3 Rd8 17. Ncd5 Nxd5 18. Nxd5 Qd6 19. Nb4 Qb6 20. Qc1 e4 21.
Qe3 Qd6 1/2-1/2

[Event "VIII Mario Covas"]
[Site "Santos"]
[Date "2008.05.24"]
[Round "5.5"]
[White "Cramling, Dan"]
[Black "Flores Rios, Mauricio"]
[Result "1-0"]
[WhiteElo "2399"]
[BlackElo "2450"]
[PlyCount "145"]
[EventDate "2008.05.20"]
[EventType "tourn"]
[EventRounds "1"]
[EventCountry "BRA"]
[SourceDate "2008.05.17"]

1. d4 Nf6 2. c4 g6 3. Nc3 Bg7 4. e4 d6 5. Be2 O-O 6. Nf3 e5 7. d5 a5 8. Be3 Ng4
9. Bg5 f6 10. Bh4 Na6 11. a3 Bd7 12. Rb1 Nc5 13. Nd2 h5 14. b4 axb4 15. axb4
Na4 16. Nxa4 Bxa4 17. Qc1 Bd7 18. h3 Nh6 19. c5 g5 20. Bg3 h4 21. Bh2 g4 22. c6
bxc6 23. dxc6 gxh3 24. cxd7 hxg2 25. Rg1 h3 26. Bc4+ Kh8 27. Be6 f5 28. Qc3 Qh4
29. Qg3 Qxg3 30. Bxg3 Rf6 31. Bd5 Rd8 32. Rb3 Rxd7 33. Bh2 Rd8 34. Rxh3 Rb8 35.
Rb3 Rg6 36. b5 f4 37. Ke2 Ng8 38. Kf3 Nf6 39. Rxg2 Rh6 40. Ke2 Nxd5 41. exd5
Bf6 42. Bg1 Bd8 43. f3 Ra8 44. Rh2 Rxh2+ 45. Bxh2 Ra1 46. Rb1 Ra2 47. Bg1 Kg7
48. b6 cxb6 49. Bxb6 Be7 50. Rb3 Kf7 51. Kd3 Ke8 52. Nc4 Ra1 53. Ra3 Rc1 54.
Ra8+ Kf7 55. Ra7 Ke8 56. Na5 Bf6 57. Nc6 Bh4 58. Ra2 Bg3 59. Re2 Rb1 60. Ba7
Ra1 61. Bb8 Kd7 62. Rb2 Ra3+ 63. Ke4 Re3+ 64. Kf5 e4 65. Rb7+ Ke8 66. Re7+ Kf8
67. Rxe4 Rxf3 68. Bxd6+ Kg7 69. Bxf4 Bh2 70. Kg4 Rf2 71. d6 Bxf4 72. Rxf4 Rd2
73. Nd4 1-0

[Event "VIII Mario Covas"]
[Site "Santos"]
[Date "2008.05.22"]
[Round "6.1"]
[White "Leitão, Rafael"]
[Black "Flores Rios, Mauricio"]
[Result "1-0"]
[WhiteElo "2604"]
[BlackElo "2450"]
[PlyCount "47"]
[EventDate "2008.05.20"]
[EventType "tourn"]
[EventRounds "1"]
[EventCountry "BRA"]
[SourceDate "2008.05.17"]

1. d4 Nf6 2. c4 g6 3. g3 Bg7 4. Bg2 O-O 5. Nc3 d6 6. Nf3 Nc6 7. O-O a6 8. Nd5
e6 9. Nxf6+ Bxf6 10. e4 e5 11. d5 Ne7 12. Be3 Bg7 13. c5 f5 14. Qb3 h6 15. Rac1
g5 16. cxd6 cxd6 17. Bb6 Qe8 18. Nd2 Bd7 19. Bc7 Bb5 20. Bxd6 Bxf1 21. Bxf1 Kh8
22. Qxb7 Rf7 23. Rc7 Bf6 24. Nc4 1-0

[Event "VIII Mario Covas"]
[Site "Santos"]
[Date "2008.05.22"]
[Round "6.2"]
[White "Zambrana, Oswaldo"]
[Black "Cramling, Dan"]
[Result "1/2-1/2"]
[WhiteElo "2479"]
[BlackElo "2399"]
[PlyCount "44"]
[EventDate "2008.05.20"]
[EventType "tourn"]
[EventRounds "1"]
[EventCountry "BRA"]
[SourceDate "2008.05.17"]

1. e4 c5 2. Nf3 e6 3. d4 cxd4 4. Nxd4 a6 5. c4 Nf6 6. Nc3 Qc7 7. a3 Nxe4 8.
Nxe4 Qe5 9. Qc2 Qxd4 10. Be3 Qe5 11. c5 f5 12. Nd2 f4 13. Nc4 Qf6 14. Nb6 fxe3
15. fxe3 Qe5 16. Rc1 Qxe3+ 17. Be2 Nc6 18. Nxa8 Nd4 19. Qd2 Qxd2+ 20. Kxd2 Nb3+
21. Kd3 Nxc1+ 22. Rxc1 Be7 1/2-1/2

[Event "VIII Mario Covas"]
[Site "Santos"]
[Date "2008.05.23"]
[Round "7.1"]
[White "Milos, Gilberto"]
[Black "Leitão, Rafael"]
[Result "1/2-1/2"]
[WhiteElo "2594"]
[BlackElo "2604"]
[PlyCount "30"]
[EventDate "2008.05.20"]
[EventType "tourn"]
[EventRounds "1"]
[EventCountry "BRA"]
[SourceDate "2008.05.17"]

1. e4 e6 2. d4 d5 3. exd5 exd5 4. Bd3 Bd6 5. Ne2 Ne7 6. Bf4 Bf5 7. c3 c6 8. O-O
O-O 9. Bxf5 Nxf5 10. Qd3 Qf6 11. Bxd6 Nxd6 12. Nd2 Qg6 13. Nf4 Qxd3 14. Nxd3
Nd7 15. Rfe1 Rfe8 1/2-1/2

[Event "VIII Mario Covas"]
[Site "Santos"]
[Date "2008.05.23"]
[Round "7.4"]
[White "Cramling, Dan"]
[Black "Mekhitarian, Krikor"]
[Result "1/2-1/2"]
[WhiteElo "2399"]
[BlackElo "2466"]
[PlyCount "92"]
[EventDate "2008.05.20"]
[EventType "tourn"]
[EventRounds "1"]
[EventCountry "BRA"]
[SourceDate "2008.05.17"]

1. Nf3 c5 2. c4 Nc6 3. d4 cxd4 4. Nxd4 Nf6 5. g3 Qb6 6. Nc2 Ne5 7. b3 Qc6 8. f3
e6 9. Bb2 d6 10. Bg2 a6 11. O-O Qc7 12. f4 Ned7 13. e4 Rb8 14. Qe2 h5 15. Nc3
Be7 16. Rae1 b6 17. h3 Bb7 18. Bf3 O-O 19. g4 hxg4 20. hxg4 g5 21. Qh2 Nh7 22.
Kg2 f6 23. Nd4 Nc5 24. f5 Qd7 25. b4 e5 26. bxc5 exd4 27. c6 Bxc6 28. Ne2 Qe8
29. Nxd4 Bd7 30. e5 dxe5 31. Bd5+ Rf7 32. Qh5 Kf8 33. Rh1 Rg7 34. Qxh7 Rxh7 35.
Rxh7 Bb4 36. Reh1 exd4 37. Rh8+ Ke7 38. Rxe8+ Rxe8 39. Bxd4 Rf8 40. Bxb6 Kd6
41. Rd1 Ba4 42. c5+ Bxc5 43. Bb3+ Kc6 44. Bxc5 Bxb3 45. Bxf8 Bxd1 46. Kg3 Kd7
1/2-1/2

[Event "VIII Mario Covas"]
[Site "Santos"]
[Date "2008.05.24"]
[Round "8.1"]
[White "Leitão, Rafael"]
[Black "Zambrana, Oswaldo"]
[Result "1/2-1/2"]
[WhiteElo "2604"]
[BlackElo "2479"]
[PlyCount "36"]
[EventDate "2008.05.20"]
[EventType "tourn"]
[EventRounds "1"]
[EventCountry "BRA"]
[SourceDate "2008.05.17"]

1. d4 d5 2. c4 c6 3. Nf3 Nf6 4. e3 e6 5. b3 Nbd7 6. Bd3 Bb4+ 7. Nbd2 Ne4 8. O-O
f5 9. a3 Bd6 10. Bb2 Qf6 11. b4 O-O 12. b5 g5 13. g3 Qg7 14. Rc1 Ndf6 15. Ne5
cxb5 16. cxb5 Bd7 17. f3 Nxd2 18. Qxd2 g4 1/2-1/2

[Event "VIII Mario Covas"]
[Site "Santos"]
[Date "2008.05.24"]
[Round "8.2"]
[White "Mekhitarian, Krikor"]
[Black "Flores Rios, Mauricio"]
[Result "1/2-1/2"]
[WhiteElo "2466"]
[BlackElo "2450"]
[PlyCount "113"]
[EventDate "2008.05.20"]
[EventType "tourn"]
[EventRounds "1"]
[EventCountry "BRA"]
[SourceDate "2008.05.17"]

1. e4 c5 2. Nf3 Nc6 3. d4 cxd4 4. Nxd4 Qb6 5. Nb3 Nf6 6. Nc3 e6 7. a3 d6 8. Be3
Qc7 9. Be2 a6 10. O-O b5 11. f4 Bb7 12. Qe1 Be7 13. Qg3 O-O 14. Nd4 Rac8 15.
Rae1 Na5 16. f5 e5 17. Bh6 Ne8 18. f6 Bxf6 19. Rxf6 exd4 20. Nd5 Bxd5 21. exd5
g6 22. Rf2 Ng7 23. Qh4 f6 24. Bd3 Qd8 25. b3 Nb7 26. b4 Rc7 27. Qxd4 Rcf7 28.
Rfe2 Re8 29. h4 Re5 30. Bf4 Nh5 31. Bh2 Rfe7 32. g4 Qe8 33. Qf2 Rxe2 34. Rxe2
Ng7 35. Kf1 Rxe2 36. Qxe2 Qd7 37. Bg1 Nd8 38. Bd4 f5 39. g5 Nh5 40. Qe3 f4 41.
Qf3 Nf7 42. Ke1 Ne5 43. Qe4 Qe7 44. Kd1 Ng7 45. Qxf4 Nxd3 46. cxd3 Nf5 47. Bc3
Ne3+ 48. Kd2 Nxd5 49. Qd4 Nxc3 50. Qxc3 Qe6 51. Qd4 Qe5 52. Qxe5 dxe5 53. d4
Kf7 54. d5 Ke7 55. Kd3 Kd7 56. Ke3 Ke7 57. Kd3 1/2-1/2

[Event "VIII Mario Covas"]
[Site "Santos"]
[Date "2008.05.24"]
[Round "8.3"]
[White "Coelho, Luis"]
[Black "Cramling, Dan"]
[Result "0-1"]
[WhiteElo "2392"]
[BlackElo "2399"]
[PlyCount "196"]
[EventDate "2008.05.20"]
[EventType "tourn"]
[EventRounds "1"]
[EventCountry "BRA"]
[SourceDate "2008.05.17"]

1. d4 Nf6 2. c4 c5 3. d5 b5 4. cxb5 a6 5. bxa6 Bxa6 6. Nc3 d6 7. g3 g6 8. Bg2
Bg7 9. Nf3 Nbd7 10. Rb1 Ra7 11. O-O Qa8 12. b3 Nb6 13. Nh4 O-O 14. a4 Rb8 15.
Re1 Nfd7 16. Bd2 Rab7 17. Qc2 Nc8 18. Na2 Rb6 19. h3 Qb7 20. b4 cxb4 21. Rxb4
Rxb4 22. Nxb4 Nc5 23. Nf3 Qd7 24. Bf1 Bb7 25. a5 Ra8 26. Nd3 Qa4 27. Qxa4 Nxa4
28. e4 Nc3 29. Nfe5 Nxe4 30. Rxe4 dxe5 31. Nxe5 Nd6 32. Re1 Bxd5 33. Nd7 Ra7
34. Rxe7 Kh8 35. Bb4 Bf8 36. Nxf8 Rxe7 37. Bxd6 Re1 38. Bb4 Rb1 39. Bc3+ Kg8
40. Nd7 Bc4 41. Nf6+ Kf8 42. Nxh7+ Ke7 43. g4 Bxf1 44. Kh2 Bxh3 45. Nf6 Bf1 46.
Nd5+ Kd6 47. Ne3 Ba6 48. Bd4 Bb7 49. g5 Ke6 50. Kg3 Rb5 51. Bf6 Rxa5 52. Kf4
Ra4+ 53. Kg3 Re4 54. Bc3 Kd7 55. Bf6 Kd6 56. Ng4 Kc5 57. Ne3 Kb4 58. Kf3 Kb3
59. Ke2 Rf4 60. Be5 Ba6+ 61. Ke1 Ra4 62. f4 Ra2 63. Kd1 Bb7 64. Ke1 Ba6 65. Kd1
Bd3 66. Nd5 Re2 67. Bg7 Bc4 68. Nf6 Rf2 69. Ne4 Rxf4 70. Nd2+ Kb4 71. Kc2 Rg4
72. Bf6 Kc5 73. Kc3 Rg3+ 74. Kc2 Kd5 75. Kd1 Bd3 76. Ke1 Re3+ 77. Kd1 Ke6 78.
Kc1 Kf5 79. Nb3 Bc4 80. Nd4+ Ke4 81. Kc2 Bd5 82. Nb5 Be6 83. Nd6+ Kf4 84. Kd2
Ra3 85. Nb5 Ra2+ 86. Kd3 Bf5+ 87. Kd4 Rd2+ 88. Kc5 Rg2 89. Nc3 Be6 90. Kd4 Rd2+
91. Kc5 Kf5 92. Nb5 Rd5+ 93. Kc6 Kg4 94. Nd6 Rxg5 95. Bxg5 Kxg5 96. Kc5 Kf4 97.
Kd4 g5 98. Ne4 g4 0-1

[Event "VIII Mario Covas"]
[Site "Santos"]
[Date "2008.05.25"]
[Round "9.1"]
[White "El Debs, Felipe"]
[Black "Leitão, Rafael"]
[Result "1-0"]
[WhiteElo "2423"]
[BlackElo "2604"]
[PlyCount "77"]
[EventDate "2008.05.20"]
[EventType "tourn"]
[EventRounds "1"]
[EventCountry "BRA"]
[SourceDate "2008.05.17"]

1. Nf3 d5 2. d4 c6 3. c4 Nf6 4. Qc2 dxc4 5. Qxc4 Bf5 6. g3 e6 7. Bg2 Nbd7 8.
O-O Be7 9. Nc3 O-O 10. Re1 h6 11. e4 Bh7 12. Bf4 Rc8 13. Qe2 Re8 14. Rad1 a6
15. Nd2 b5 16. Nb3 Qb6 17. g4 Bf8 18. h4 e5 19. Be3 exd4 20. Bxd4 Qb8 21. g5
hxg5 22. hxg5 Nd5 23. Nxd5 cxd5 24. e5 Bb4 25. Bxd5 Nf8 26. Rf1 Rcd8 27. Bc6
Re6 28. Bg2 a5 29. a3 Be7 30. Nxa5 Bxg5 31. Nc6 Rxc6 32. Bxc6 Ne6 33. Be3 Qc8
34. Rxd8+ Nxd8 35. Bg2 Ne6 36. f4 Bh6 37. Qxb5 Bf5 38. Qc6 Qd8 39. Qa8 1-0